Statistics for Geography Basics #3: Nerd Geography (Geo quiz)

Click here to take the quiz!

General Stats

  • This quiz has been taken 35 times
  • The average score is 30 of 71

Answer Stats

HintAnswer% Correct
Ocean between The Americas, Europe, and AfricaAtlantic Ocean
92%
Ocean between Asia, Australia, Oceania, and the AmericasPacific Ocean
92%
Ocean south of IndiaIndian Ocean
88%
Sea north of TurkeyBlack Sea
76%
Sea lying south of Europe and north of AfricaMediterranean Sea
76%
Sea lying between Africa and the Arabian PeninsulaRed Sea
76%
Continent of the most ways of trade in 1200Asia
72%
Sea lying between China and JapanSea of Japan
72%
Continent which has the Sahara and Kalahari desertsAfrica
68%
Desert located in the Arabian PeninsulaArabian
68%
Sea southeast of the Arabian PeninsulaArabian Sea
68%
Continent in the middle of the World MapEurope
68%
Island country east of RussiaJapan
68%
Gulf lying northeast of Saudi Arabia and primary sea road for goods transporting from the Arabian PeninsulaPersian Gulf
68%
Rainforest taking up most of Northwest South AmericaAmazon
64%
Biggest river in South AmericaAmazon
64%
River flowing from Egypt to Congo, one of world's longest riversNile
64%
Continent/country south of IndonesiaAustralia
60%
Sea lying north of Iran and west of Uzbekistan and TurkmenistanCaspian Sea
60%
Continent where we liveNorth America
60%
Continent south of the Panama IsthmusSouth America
60%
Sea east of China and south of Japan and the KoreasSouth China Sea
60%
Sea lying north of Central America and near many island countriesCaribbean Sea
56%
Country in Asia north of AustraliaIndonesia
56%
Desert located in Northern AfricaSahara
56%
One of the two rivers flowing through China, the top oneYellow
56%
Mountain range located mostly in Nepal, one of the biggest in the worldHimalayas
52%
Peninsula containing Spain and PortugalIberian Peninsula
52%
Peninsula containing both KoreasKorean Peninsula
52%
Mountain range stretching across the Western USARocky
52%
Mountain range stretching across Western South AmericaAndes
48%
One of the two rivers flowing through Iraq, the bottom oneEuphrates
48%
Desert located near China and MongoliaGobi
48%
Desert located in Southern AfricaKalahari
48%
One of the two rivers flowing through China, the bottom oneYangtze
48%
Peninsula containing countries like Saudi Arabia, Qatar, etc.Arabian Peninsula
44%
River flowing through Pakistan, used to flow through IndiaIndus
44%
Peninsula where pizza originatedItalian Peninsula
40%
Region in which the Tigris and Euphrates rivers flow throughMesopotamia
40%
River starting in Mississippi and flowing across the Central Time ZoneMississippi
40%
River flowing through RussiaVolga
40%
One of two trading cities in China, the upper oneBeijing
36%
Trading city in Turkey, now called IstanbulConstantinople
36%
Region containing countries like Iran, Iraq, etc.Persia
36%
Country east of ChinaPhilippines
36%
One of the two rivers flowing through Iraq, the top oneTigris
36%
River flowing through India, close to NepalGanges
32%
River flowing from Nigeria to GuineaNiger
28%
Strait connecting the Mediterranean Sea and the Atlantic OceanStrait of Gibraltar
28%
Peninsula now called TurkeyAnatolian Peninsula
24%
Trading city in EgyptCairo
24%
Mountain range in western RussiaCaucasus
24%
One of two trading cities in India, the west oneDelhi
24%
Trading city in IraqBaghdad
20%
Peninsula which caused the Himalayas to formIndian Peninsula
20%
Trading city in MalaysiaMalacca
16%
Trading city in Saudi ArabiaMecca
16%
Trading city in RussiaMoscow
16%
Desert stretching from the Rocky Mountains to MexicoSonora
16%
Trading city in ItalyVenice
16%
Strait connecting the Mediterranean and Black SeaBosporus
12%
One of two trading cities in India, the east oneCalcutta
12%
Strait primarily used to trade between India and ChinaSunda Strait
12%
Trading city in MaliTimbuktu
12%
Isthmus connecting the AmericasIsthmus of Panama
8%
Border region in Southeast AfricaSwahili Coast
8%
Trading city in PeruCuzco
4%
Region containing two bordering continentsEurasian Steppe
4%
Trading city in MexicoTenochtitlan
4%
One of two trading cities in China, the lower oneCanton
0%
Rainforest in the Congo area in AfricaCongolian
0%

Score Distribution

Percentile by Number Answered

Percent of People with Each Score

Your Score History

You have not taken this quiz